Classifica Marcatori Pescara All-Time - Statistics

Statistiche generali
  • Questo quiz è stato fatto 11 volte
  • Il punteggio medio è 2 su 10
Statistiche sulle risposte
Gol Nazione Calciatore % Corretto
54 Italia Marco Sansovini
50%
69 Italia Federico Giampaolo
25%
52 Italia Ottavio Palladini
25%
43 Italia Riccardo Maniero
25%
35 Italia Stefano Rebonato
25%
32 Italia Gianluca Caprari
13%
33 Italia Rocco Pagano
13%
44 Italia Bruno Nobili
0%
45 Italia Giuseppe Rinaldi
0%
48 Italia Michele Gelsi
0%
Nessun quiz corrispondente trovato
Distribuzione punteggi
Percentuale di utenti per punteggio
Percentile per numero di risposta
I tuoi punteggi nel tempo
Non hai fatto questo quiz